Central Library OPAC University of Rajshahi

The practice and theory of individual psychology / (Record no. 29782)

MARC details
000 -LEADER
fixed length control field 01049cam a22003011 4500
001 - CONTROL NUMBER
control field 29782
003 - CONTROL NUMBER IDENTIFIER
rucl marc code BD-RjUL
005 - DATE AND TIME OF LATEST TRANSACTION
control field 20211209051447.0
008 - FIXED-LENGTH DATA ELEMENTS--GENERAL INFORMATION
fixed length control field 140407s19551923u 000 0 eng
035 ## - SYSTEM CONTROL NUMBER
System control number (BD-RjUL)29867
System control number (OCoLC)9387404
040 ## - CATALOGING SOURCE
Original cataloging agency DLC
Transcribing agency FMU
Modifying agency DLC
Language of cataloging eng
041 1# - LANGUAGE CODE
Language code of text/sound track or separate title eng
Language code of original ger
082 ## - DEWEY DECIMAL CLASSIFICATION NUMBER
Classification number 131.3463
Author mark and year ADP 1955
100 1# - MAIN ENTRY--PERSONAL NAME
Personal name Adler, Alfred,
Dates associated with a name 1870-1937.
9 (RLIN) 16817
245 14 - TITLE STATEMENT
Title The practice and theory of individual psychology /
Statement of responsibility, etc. Alfred Adler ... translated by P. Radin ...
260 ## - PUBLICATION, DISTRIBUTION, ETC. (IMPRINT)
Place of publication, distribution, etc. London :
Name of publisher, distributor, etc. K. Paul, Trench, Trubner & Co. Ltd.,
Date of publication, distribution, etc. C1923 [reprinting 1955]
300 ## - PHYSICAL DESCRIPTION
Pagination viii, 352 p. ;
Size 23 cm.
500 ## - GENERAL NOTE
General note "First edition 1925, revised edition 1929, reprinted 1932."
504 ## - BIBLIOGRAPHY, ETC. NOTE
Bibliography, etc includes index
650 #0 - SUBJECT ADDED ENTRY--TOPICAL TERM
Topical term or geographic name as entry element Psychoanalysis.
9 (RLIN) 90669
Topical term or geographic name as entry element Psychology, Pathological.
9 (RLIN) 90670
700 1# - ADDED ENTRY--PERSONAL NAME
Personal name Radin, Paul,
Dates associated with a name 1883-1959,
Relator term tr.
942 ## - ADDED ENTRY ELEMENTS (KOHA)
Source of classification or shelving scheme Dewey Decimal Classification
Koha item type Books
Holdings
Lost status Source of classification or shelving scheme Damaged status Not for loan Collection code Permanent Location Current Location Shelving location Date acquired Source of acquisition Cost, normal purchase price Total Checkouts Full call number Date last seen Copy number Koha item type Date checked out
  Dewey Decimal Classification     Non-fiction Central Library, University of Rajshahi Central Library, University of Rajshahi   18/05/1957 Pub. United 20.50   131.3463 ADP 1955 07/04/2014 C-1 Books  
  Dewey Decimal Classification     Non-fiction Central Library, University of Rajshahi Central Library, University of Rajshahi   18/05/1957 Pub. United 20.50   131.3463 ADP 1955 07/04/2014 C-3 Books  
  Dewey Decimal Classification     Non-fiction Central Library, University of Rajshahi Central Library, University of Rajshahi   27/03/1963 Zeitlinger 25.00 2 131.3463 ADP 1955 16/11/2025 C-2 Books 03/11/2025